<?xml version="1.0" encoding="UTF-8"?>
<record
    xmlns:xsi="http://www.w3.org/2001/XMLSchema-instance"
    xsi:schemaLocation="http://www.loc.gov/MARC21/slim http://www.loc.gov/standards/marcxml/schema/MARC21slim.xsd"
    xmlns="http://www.loc.gov/MARC21/slim">

  <leader>00838nam a2200193Ia 4500</leader>
  <controlfield tag="003">OSt</controlfield>
  <controlfield tag="005">20251118110719.0</controlfield>
  <controlfield tag="008">210210b2009   xxu||||| |||| 00| 0 eng d</controlfield>
  <datafield tag="040" ind1=" " ind2=" ">
    <subfield code="c">AL</subfield>
  </datafield>
  <datafield tag="041" ind1=" " ind2=" ">
    <subfield code="a">Kannada</subfield>
  </datafield>
  <datafield tag="082" ind1=" " ind2=" ">
    <subfield code="a">294.5211K VIDK</subfield>
  </datafield>
  <datafield tag="100" ind1=" " ind2=" ">
    <subfield code="a">VIDYANANDA SVAMIJI</subfield>
    <subfield code="9">100083</subfield>
    <subfield code="d">&#xCB5;&#xCBF;&#xCA6;&#xCCD;&#xCAF;&#xCBE;&#xCA8;&#xC82;&#xCA6; &#xCB8;&#xCCD;&#xCB5;&#xCBE;&#xCAE;&#xCC0;&#xC9C;&#xCBF;</subfield>
  </datafield>
  <datafield tag="245" ind1=" " ind2=" ">
    <subfield code="a">Krashna mahime mattu shri krashna namada mahime : Bhaktipara shlokagalu: sangraha jodane: anuvada tike tippani sahita </subfield>
    <subfield code="b"> &#xC95;&#xCC3;&#xCB7;&#xCCD;&#xCA3; &#xCAE;&#xCB9;&#xCBF;&#xCAE;&#xCC6; &#xCAE;&#xCA4;&#xCCD;&#xCA4;&#xCC1; &#xCB6;&#xCCD;&#xCB0;&#xCC0;&#xC95;&#xCC3;&#xCB7;&#xCCD;&#xCA3; &#xCA8;&#xCBE;&#xCAE;&#xCA6; &#xCAE;&#xCB9;&#xCBF;&#xCAE;&#xCC6; : &#xCB6;&#xCCD;&#xCB2;&#xCCB;&#xC95;&#xC97;&#xCB3;&#xCC1;: &#xCB8;&#xC82;&#xC97;&#xCCD;&#xCB0;&#xCB9; &#xC9C;&#xCCB;&#xCA1;&#xCA3;&#xCC6; : &#xC85;&#xCA8;&#xCC1;&#xCB5;&#xCBE;&#xCA6; &#xCA0;&#xCC0;&#xC95;&#xCC6; &#xC9F;&#xCBF;&#xCAA;&#xCCD;&#xCAA;&#xCA3;&#xCBF; &#xCB8;&#xCB9;&#xCBF;&#xCA4; </subfield>
  </datafield>
  <datafield tag="260" ind1=" " ind2=" ">
    <subfield code="a">Mangaluru</subfield>
    <subfield code="b">-</subfield>
    <subfield code="c">2009</subfield>
  </datafield>
  <datafield tag="300" ind1=" " ind2=" ">
    <subfield code="a">xiv,82</subfield>
  </datafield>
  <datafield tag="690" ind1=" " ind2=" ">
    <subfield code="a">Hinduism</subfield>
    <subfield code="9">100084</subfield>
  </datafield>
  <datafield tag="906" ind1=" " ind2=" ">
    <subfield code="a">064119</subfield>
  </datafield>
  <datafield tag="942" ind1=" " ind2=" ">
    <subfield code="2">ddc</subfield>
    <subfield code="c">BK</subfield>
  </datafield>
  <datafield tag="999" ind1=" " ind2=" ">
    <subfield code="c">139837</subfield>
    <subfield code="d">139837</subfield>
  </datafield>
  <datafield tag="952" ind1=" " ind2=" ">
    <subfield code="0">0</subfield>
    <subfield code="1">0</subfield>
    <subfield code="2">ddc</subfield>
    <subfield code="4">0</subfield>
    <subfield code="7">0</subfield>
    <subfield code="8">OTH</subfield>
    <subfield code="a">AL</subfield>
    <subfield code="b">AL</subfield>
    <subfield code="c">Religion</subfield>
    <subfield code="d">2021-02-17</subfield>
    <subfield code="e">Shrikrishna Seva Prakashana, Mangalore</subfield>
    <subfield code="g">50.00</subfield>
    <subfield code="l">0</subfield>
    <subfield code="o">294.5211K VIDK</subfield>
    <subfield code="p">064120</subfield>
    <subfield code="r">2021-02-17 00:00:00</subfield>
    <subfield code="w">2021-02-17</subfield>
    <subfield code="y">BK</subfield>
  </datafield>
  <datafield tag="952" ind1=" " ind2=" ">
    <subfield code="0">0</subfield>
    <subfield code="1">0</subfield>
    <subfield code="2">ddc</subfield>
    <subfield code="4">0</subfield>
    <subfield code="7">0</subfield>
    <subfield code="8">OTH</subfield>
    <subfield code="a">AL</subfield>
    <subfield code="b">AL</subfield>
    <subfield code="c">Religion</subfield>
    <subfield code="d">2021-02-17</subfield>
    <subfield code="e">Shrikrishna Seva Prakashana, Mangalore</subfield>
    <subfield code="g">50.00</subfield>
    <subfield code="l">0</subfield>
    <subfield code="o">294.5211K VIDK</subfield>
    <subfield code="p">064119</subfield>
    <subfield code="r">2021-02-17 00:00:00</subfield>
    <subfield code="w">2021-02-17</subfield>
    <subfield code="y">BK</subfield>
  </datafield>
</record>
